000 00267nam a2200109Ia 4500
008 190913s9999||||xx |||||||||||||| ||und||
100 _aShannon,McPherron
245 0 _aUsing Computers In Archaeology
260 _aUSA
_b McGraw Hill
_c1998
300 _a163
942 _cBK
999 _c8176
_d8176